000 00718npc a2200217Ia 4500
001 dd10-1696 [d000001749]
003 IT-MiCISF
008 161014s9999||||xx | und||
040 _aIT-MiCISF
_cIT-MiCISF
041 _aen
100 _aAA.VV.
240 _aThe Family in the Maltese Social Structure
245 4 _aThe Family in the Maltese Social Structure
_bReport on the Situation of Families in the Maltese Society
250 _a1a ed.
260 _aMalta
_c1993
300 _app. 21
500 _aNational IYF Committee Family Study and Research Commission / famiglia, società, cambiamenti-famiglia, servizi-sociali, aif /
650 _afamiglia
942 _cDD
957 _71
999 _a1696
_bsi
_g1
_c208339
_d208339